Las primaveras de ilion: (Registro nro. 36998)

Detalles MARC
000 -CABECERA
Longitud fija campo de control 00700nam a22001937a 4500
003 - • IDENTIFICADOR DELl NÚMERO DE CONTROL
Identificador del número de control CO-ViMGA
008 - • CÓDIGOS DE INFORMACIÓN DE LONGITUD FIJA
Códigos de información de longitud fija 180413b ||||| |||| 00| 0 eng d
020 ## - • NÚMERO INTERNACIONAL NORMALIZADO PARA LIBROS
Número Internacional Normalizado para Libros (ISBN) 9788499401850
040 ## - FUENTE DE LA CATALOGACIÓN
Centro catalogador de origen CO-ViMGA
Lengua de catalogación spa
Centro transcriptor CO-ViMGA
082 04 - • NÚMERO DE LA CLASIFICACIÓN DECIMAL DEWEY
Número de clasificación (R) 711
Número del ítem F37p
100 1# - • PUNTO DE ACCESO PRINCIPAL-NOMBRE DE PERSONA
Nombre de persona Fernandez Alba, Antonio
Fechas asociadas al nombre 2011
245 10 - • TITULO PROPIAMENTE DICHO
Título Las primaveras de ilion:
Resto del título Escritos sobre arquitectura y ciudad,1990-2010/
Mención de responsabilidad, etc. Antonio fernandez alba ;
250 ## - • MENCIÓN DE EDICIÓN
Mención de edición Edicion especial :
300 ## - • DESCRIPCIÓN FÍSICA
Extensión [318] Pag:
Otras características físicas Ilustracciones a blanco y negro ;
490 ## - • MENCIÓN DE SERIE
Mención de serie (sobre grabado de la arquitectura candelaria alarcon )
650 14 - • PUNTO DE ACCESO ADICIONAL DE MATERIA - TÉRMINO DE MATERIA
Término de materia o nombre geográfico como elemento inicial Escritos Arquitectura.
942 ## - ENTRADA DE ELEMENTOS AGREGADOS (KOHA)
Fuente de clasificaión o esquema Dewey Decimal Classification
Koha [por defecto] tipo de item LIbro
Existencias
Perdido Fuente de clasificación o esquema Estado Físico No para préstamo Forma de adquisición Localización permanente Localización actual Fecha adquisición Coste, precio normal de compra Préstamos totales Signatura completa Código de barras Fecha última consulta Fecha del precio de reemplazo Tipo de item de Koha
  Dewey Decimal Classification     Sala General Segundo Piso Biblioteca Pública Germán Arciniegas - Villavicencio Biblioteca Pública Germán Arciniegas - Villavicencio 09/01/2019 103000.00   711 F37p 331339 04/13/2018 04/13/2018 LIbro









Instituto Departamental de Cultura del Meta - Red Departamental de Bibliotecas Públicas del Meta.